000 00693cab a2200229 4500
001 ABS57856
008 090401t1997 xxu||||| |||| 00| 0 eng d
035 _a(Sirsi) u81759
041 _aeng
100 _aMcGill, G.
245 _aTraffic management: the implications for property
260 _c1997
350 _a0
490 _aCSM (Chartered Surveyor Monthly)
_v7(2) October 1997, 31(1)
520 _aTakes a brief look at the Road Traffic Reduction Act 1997 and its implications for property.
650 _aLOCAL AUTHORITIES
650 _aPROPERTY
650 _aROAD TRAFFIC REDUCTION ACT 1997
690 _aTRANSPORT AND COMMUNICATIONS
942 _n0
948 _c29/10/1997
999 _c51545
_d51545